00323nam a22000977a 4500008004100000082001700041110000700058245013400065260001800199300000800217230704b xxu||||| |||| 00| 0 eng d a341.481bUNI bUN aGuiding principles for Crime Prevention and Criminal Justice in the Context of development and a New international Economic Order aUSAbUNc1988 a19p